[Event "World Rapid Team 2023"]
[Site "Dusseldorf GER"]
[Date "2023.08.26"]
[Round "2.3"]
[Board "3"]
[White "Souleidis, Georgios"]
[Black "Maghsoodloo, Parham"]
[Result "0-1"]
[WhiteTitle "IM"]
[BlackTitle "GM"]
[WhiteElo "2419"]
[BlackElo "2702"]
[WhiteTeam "Team Chessemy.com"]
[BlackTeam "ASV AlphaEchecs Linz"]
[WhiteFideId "4206827"]
[BlackFideId "12539929"]
[EventDate "2023.08.26"]

1. e4 c5 2. Nf3 d6 3. Bc4 e6 4. O-O a6 5. Re1 Nf6 6. Bf1 Nc6 7. c3 e5 8. h3 g5
9. d4 g4 10. hxg4 Bxg4 11. dxc5 Rg8 12. cxd6 Bxd6 13. Nbd2 Bc5 14. Qb3 b5 15. a4
Be6 16. Qc2 Ng4 17. Re2 Rc8 18. axb5 Nb4 19. Qa4 Nd3 20. bxa6+ Bd7 21. Qa5 Bb6
22. Qd5 Nf4 23. Qb3 Qf6 24. a7 Nxf2 25. a8=Q N4h3+ 0-1

[Event "World Rapid Team 2023"]
[Site "Dusseldorf GER"]
[Date "2023.08.26"]
[Round "2.3"]
[Board "4"]
[White "Naiditsch, Arkadij"]
[Black "Rafiee, Makan"]
[Result "1-0"]
[WhiteTitle "GM"]
[BlackTitle "FM"]
[WhiteElo "2651"]
[BlackElo "2279"]
[WhiteTeam "ASV AlphaEchecs Linz"]
[BlackTeam "Team Chessemy.com"]
[WhiteFideId "4650891"]
[BlackFideId "24609340"]
[EventDate "2023.08.26"]

1. e4 e5 2. Nf3 Nc6 3. Nc3 Nf6 4. Bb5 Bd6 5. d3 a6 6. Ba4 b5 7. Bb3 O-O 8. a3 h6
9. g4 Nh7 10. h4 Kh8 11. Be3 Be7 12. Bd5 Bb7 13. g5 d6 14. gxh6 g6 15. Ba2 f5
16. Nd5 f4 17. Bd2 Bc8 18. Rg1 Be6 19. Rxg6 Bf7 20. Rg7 Bf6 21. Nxf6 Qxf6 22.
Ng5 Bg6 23. Qg4 Nd4 24. O-O-O c5 25. h5 1-0

[Event "World Rapid Team 2023"]
[Site "Dusseldorf GER"]
[Date "2023.08.26"]
[Round "2.3"]
[Board "5"]
[White "Lubbe, Melanie"]
[Black "Lagno, Kateryna"]
[Result "1/2-1/2"]
[WhiteTitle "WGM"]
[BlackTitle "GM"]
[WhiteElo "2256"]
[BlackElo "2552"]
[WhiteTeam "Team Chessemy.com"]
[BlackTeam "ASV AlphaEchecs Linz"]
[WhiteFideId "4690745"]
[BlackFideId "14109336"]
[EventDate "2023.08.26"]

1. e4 e5 2. Bc4 Nc6 3. Nf3 Nf6 4. d3 d5 5. exd5 Nxd5 6. O-O Nb6 7. Bb3 Bg4 8.
Re1 Qe7 9. h3 Bh5 10. Nbd2 O-O-O 11. a4 a5 12. Qe2 f6 13. c3 g5 14. Ne4 Nd5 15.
Ng3 Bf7 16. Bc2 Nf4 17. Bxf4 gxf4 18. Nf5 Qd7 19. d4 Bg6 20. dxe5 Bxf5 21. e6
Qd5 22. Rad1 Qc5 23. Rxd8+ Kxd8 24. Bxf5 Qxf5 25. Nd4 Nxd4 26. e7+ Bxe7 27.
Qxe7+ Kc8 28. cxd4 Rd8 29. Rc1 c6 30. Rc5 Qd7 31. Qxf6 Qxd4 32. Qf5+ Kb8 33.
Rxa5 Rd5 34. Qf8+ Rd8 35. Qf5 Rd5 36. Rxd5 cxd5 37. Qxh7 Qd1+ 38. Kh2 d4 39.
Qg8+ Ka7 40. Qd5 d3 41. Qd4+ Ka8 42. Qd8+ Ka7 43. Qa5+ Kb8 44. Qd8+ Ka7 45. Qa5+ 1/2-1/2

[Event "World Rapid Team 2023"]
[Site "Dusseldorf GER"]
[Date "2023.08.26"]
[Round "2.3"]
[Board "6"]
[White "Llari, Marc"]
[Black "Rennkamp, David"]
[Result "1-0"]
[WhiteTitle "CM"]
[WhiteElo "2092"]
[BlackElo "1738"]
[WhiteTeam "ASV AlphaEchecs Linz"]
[BlackTeam "Team Chessemy.com"]
[WhiteFideId "651044269"]
[BlackFideId "16249526"]
[EventDate "2023.08.26"]

1. e4 e5 2. Nf3 Nc6 3. Bb5 a6 4. Ba4 f5 5. d3 fxe4 6. dxe4 Nf6 7. O-O d6 8. Qd3
Be7 9. Qc4 b5 10. Qxc6+ Bd7 11. Qc3 bxa4 12. Qd3 O-O 13. Nc3 Qe8 14. Bg5 Bb5 15.
Nxb5 axb5 16. Bxf6 Bxf6 17. Rac1 Be7 18. c4 b4 19. c5 Qg6 20. cxd6 Bxd6 21. Nxe5
Qh5 22. Qd5+ Kh8 23. Nf3 Qxd5 24. exd5 Rfe8 25. Rfe1 Kg8 26. Re6 h6 27. Rce1 Kf7
28. Nd4 Rxe6 29. dxe6+ Kf6 30. Nc6 Re8 31. e7 Kf7 32. Kf1 Bxe7 33. Rxe7+ Rxe7
34. Nxe7 Kxe7 35. Ke2 Kd6 36. Kd3 Kd5 37. b3 c5 38. g3 c4+ 39. bxc4+ Kc5 40. f4
b3 41. axb3 axb3 42. Kc3 b2 43. Kxb2 Kxc4 44. Kc2 Kd4 45. Kd2 Ke4 46. Ke2 h5 47.
Kf2 g6 48. Kg2 Ke3 49. Kh3 Kf3 50. Kh4 Kg2 51. h3 Kf3 52. Kg5 Kxg3 53. h4 Kf3
54. f5 gxf5 55. Kxf5 Kg3 56. Kg5 Kf3 57. Kxh5 Kf4 58. Kg6 1-0

[Event "World Rapid Team 2023"]
[Site "Dusseldorf GER"]
[Date "2023.08.26"]
[Round "2.4"]
[Board "1"]
[White "Sargissian, Gabriel"]
[Black "Rodshtein, Maxim"]
[Result "1/2-1/2"]
[WhiteTitle "GM"]
[BlackTitle "GM"]
[WhiteElo "2692"]
[BlackElo "2606"]
[WhiteTeam "Armenia"]
[BlackTeam "Rishon LeZion Chess Club"]
[WhiteFideId "13300881"]
[BlackFideId "2806851"]
[EventDate "2023.08.26"]

1. d4 Nf6 2. c4 e6 3. Nf3 d5 4. g3 Bb4+ 5. Bd2 Be7 6. Bg2 c6 7. Qc2 Nbd7 8. O-O
O-O 9. Bf4 b6 10. Nbd2 Bb7 11. e4 Nh5 12. Be3 Nhf6 13. e5 Ng4 14. Bf4 g5 15. Be3
c5 16. h3 Nxe3 17. fxe3 Rc8 18. Nh2 cxd4 19. exd4 Qc7 20. Rae1 dxc4 21. Bxb7
Qxb7 22. Ne4 Qd5 23. Nf3 f5 24. exf6 Bxf6 25. Kh2 Kh8 26. Nc3 Qc6 27. Ne4 Qd5
28. Nc3 Qc6 29. Ne4 Qd5 30. Nc3 1/2-1/2

[Event "World Rapid Team 2023"]
[Site "Dusseldorf GER"]
[Date "2023.08.26"]
[Round "2.4"]
[Board "2"]
[White "Zanan, Evgeny"]
[Black "Martirosyan, Haik M."]
[Result "1/2-1/2"]
[WhiteTitle "GM"]
[BlackTitle "GM"]
[WhiteElo "2470"]
[BlackElo "2683"]
[WhiteTeam "Rishon LeZion Chess Club"]
[BlackTeam "Armenia"]
[WhiteFideId "24101940"]
[BlackFideId "13306553"]
[EventDate "2023.08.26"]

1. d4 Nf6 2. c4 e6 3. Nf3 b6 4. a3 Bb7 5. Nc3 d5 6. cxd5 Nxd5 7. e3 Be7 8. Bb5+
c6 9. Bd3 Nxc3 10. bxc3 c5 11. O-O Nd7 12. e4 O-O 13. Bf4 Nf6 14. Qe2 Rc8 15. a4
cxd4 16. cxd4 Rc3 17. Rfe1 Qa8 18. Be5 Nd7 19. Bf4 Nf6 20. Be5 Nd7 21. Bf4 Nf6
22. Be5 Nd7 23. Bf4 Nf6 1/2-1/2

[Event "World Rapid Team 2023"]
[Site "Dusseldorf GER"]
[Date "2023.08.26"]
[Round "2.4"]
[Board "3"]
[White "Sargsyan, Shant"]
[Black "Bronstein, Or"]
[Result "1-0"]
[WhiteTitle "GM"]
[BlackTitle "IM"]
[WhiteElo "2639"]
[BlackElo "2459"]
[WhiteTeam "Armenia"]
[BlackTeam "Rishon LeZion Chess Club"]
[WhiteFideId "13306766"]
[BlackFideId "2815770"]
[EventDate "2023.08.26"]

1. Nf3 d5 2. d4 Nf6 3. c4 e6 4. g3 Bb4+ 5. Bd2 a5 6. Bg2 O-O 7. Qc2 c5 8. cxd5
cxd4 9. a3 Bxd2+ 10. Qxd2 Qxd5 11. Qxd4 Nc6 12. Qxd5 exd5 13. Nc3 Bg4 14. Rd1
Rad8 15. h3 Bf5 16. Nd4 Bg6 17. O-O Rfe8 18. Rd2 Ne5 19. b3 Ne4 20. Bxe4 dxe4
21. Rfd1 h5 22. Nc2 Rxd2 23. Rxd2 h4 24. Ne3 hxg3 25. fxg3 f6 26. Kf2 Bf7 27. b4
axb4 28. axb4 Bg6 29. g4 Kf8 30. Na4 Rc8 31. Nc5 b6 32. Nd7+ Nxd7 33. Rxd7 Be8
34. Rb7 Rc6 35. Nd5 Rd6 36. Nxb6 e3+ 37. Kxe3 Bb5 38. Rb8+ Kf7 39. Nc8 Re6+ 40.
Kd4 Bxe2 41. Rb7+ Kg6 42. Ne7+ Kg5 43. Nd5 g6 44. Rh7 Bf3 45. Nc3 Rd6+ 46. Ke3
Bg2 47. b5 f5 48. gxf5 gxf5 49. Rg7+ Rg6 50. h4+ Kf6 51. Rxg6+ Kxg6 52. Ne2 Bb7
53. Nf4+ Kf6 54. Kd4 Bf3 55. b6 Bb7 56. Kc5 Ke5 57. h5 Kf6 58. Kd6 Kg5 59. Kc7
Ba6 60. b7 Bxb7 61. Kxb7 Kxf4 62. h6 Kg3 63. h7 f4 64. h8=Q f3 65. Qh1 Kf2 66.
Qh3 Ke2 67. Qg4 Ke3 68. Kc6 f2 69. Qd1 1-0

[Event "World Rapid Team 2023"]
[Site "Dusseldorf GER"]
[Date "2023.08.26"]
[Round "2.4"]
[Board "4"]
[White "Veinberg, Nimrod"]
[Black "Ter-Sahakyan, Samvel"]
[Result "0-1"]
[WhiteTitle "IM"]
[BlackTitle "GM"]
[WhiteElo "2417"]
[BlackElo "2609"]
[WhiteTeam "Rishon LeZion Chess Club"]
[BlackTeam "Armenia"]
[WhiteFideId "2810280"]
[BlackFideId "13302531"]
[EventDate "2023.08.26"]

1. d4 Nf6 2. c4 e6 3. g3 d5 4. Bg2 Bb4+ 5. Nd2 O-O 6. Nf3 b6 7. a3 Bd6 8. b4 c5
9. bxc5 bxc5 10. O-O Nbd7 11. cxd5 exd5 12. dxc5 Nxc5 13. Nb3 Nce4 14. Bb2 Rb8
15. Qd3 Qb6 16. Nfd4 Ba6 17. Qd1 Bc4 18. Nd2 Nxd2 0-1

[Event "World Rapid Team 2023"]
[Site "Dusseldorf GER"]
[Date "2023.08.26"]
[Round "2.4"]
[Board "5"]
[White "Danielian, Elina"]
[Black "Efroimski, Marsel"]
[Result "1/2-1/2"]
[WhiteTitle "GM"]
[BlackTitle "IM"]
[WhiteElo "2416"]
[BlackElo "2439"]
[WhiteTeam "Armenia"]
[BlackTeam "Rishon LeZion Chess Club"]
[WhiteFideId "13300210"]
[BlackFideId "2810964"]
[EventDate "2023.08.26"]

1. d4 e6 2. Nf3 c5 3. e3 Nf6 4. Bd3 d5 5. c4 a6 6. O-O dxc4 7. Bxc4 b5 8. Bd3
Bb7 9. a4 b4 10. Nbd2 cxd4 11. exd4 Be7 12. Nc4 a5 13. Re1 Nc6 14. Nce5 O-O 15.
Bf4 Nd5 16. Bg3 Rc8 17. Qe2 Nxe5 18. dxe5 g6 19. Red1 Qb6 20. Nd2 Qa7 21. Ne4
Ra8 22. h4 h5 23. Nd6 Ba6 24. Rac1 Bxd3 25. Qxd3 Bxd6 26. exd6 Rac8 27. Be5 Qd7
28. Qg3 Kh7 29. Rxc8 Rxc8 30. b3 Rc6 31. Qh3 f6 32. Rxd5 fxe5 33. Rxe5 Qxd6 34.
Qg3 Rc1+ 35. Kh2 Rc6 36. Rxa5 Qxg3+ 37. Kxg3 Rc3+ 38. Kf4 Kh6 39. Ra6 Rxb3 40.
Rxe6 Ra3 41. Ra6 b3 42. Rb6 Rxa4+ 43. Kg3 Ra3 44. f3 Kg7 45. Kf4 Ra4+ 46. Ke3
Rxh4 47. Rxb3 Ra4 1/2-1/2

[Event "World Rapid Team 2023"]
[Site "Dusseldorf GER"]
[Date "2023.08.26"]
[Round "2.4"]
[Board "6"]
[White "Raiko, Yossi"]
[Black "Atoyan, Alberto"]
[Result "0-1"]
[WhiteElo "1841"]
[BlackElo "1896"]
[WhiteTeam "Rishon LeZion Chess Club"]
[BlackTeam "Armenia"]
[WhiteFideId "2835711"]
[BlackFideId "13314831"]
[EventDate "2023.08.26"]

1. d4 Nf6 2. c4 e6 3. Nf3 b6 4. Bf4 Bb7 5. e3 Be7 6. h3 O-O 7. Nc3 d5 8. cxd5
Nxd5 9. Nxd5 Bxd5 10. Bd3 c5 11. O-O Nd7 12. e4 Bb7 13. d5 exd5 14. exd5 Bf6 15.
Qc2 g6 16. Rad1 Re8 17. Bb5 a6 18. Bc6 Qc8 19. Bxb7 Qxb7 20. Qd2 Rad8 21. Rfe1
Rxe1+ 22. Rxe1 Nf8 23. d6 Ne6 24. Bg3 Nd4 25. Nxd4 cxd4 26. Qf4 Kg7 27. Rd1 Qd5
28. b3 Re8 29. Qd2 h5 30. Qd3 Kg8 31. f3 b5 32. a4 Be5 33. Bxe5 Rxe5 34. axb5
axb5 35. Kf1 Qxd6 36. Qxd4 Qe6 37. Qd3 Re3 38. Qd8+ Kh7 39. Qb8 Rxb3 40. Kg1
Qe3+ 41. Kh2 Rd3 42. Ra1 Rd5 43. Ra7 Kg7 44. Rb7 Rd1 45. Rxb5 Qg1+ 46. Kg3 Qe1+
47. Kh2 Qg1+ 48. Kg3 h4+ 49. Kxh4 Qf2+ 50. Kg4 f5+ 51. Kf4 Rd4+ 0-1

[Event "World Rapid Team 2023"]
[Site "Dusseldorf GER"]
[Date "2023.08.26"]
[Round "2.5"]
[Board "1"]
[White "Baklan, Vladimir"]
[Black "Eljanov, Pavel"]
[Result "1/2-1/2"]
[WhiteTitle "GM"]
[BlackTitle "GM"]
[WhiteElo "2550"]
[BlackElo "2695"]
[WhiteTeam "Ukrainian Amators"]
[BlackTeam "Ashdod Elit Chess Club"]
[WhiteFideId "14102196"]
[BlackFideId "14102951"]
[EventDate "2023.08.26"]

1. e4 e5 2. Nf3 Nc6 3. Bb5 Nf6 4. O-O Nxe4 5. Re1 Nd6 6. Nxe5 Be7 7. Bf1 Nxe5 8.
Rxe5 O-O 9. d4 Bf6 10. Re1 Re8 11. c3 Rxe1 12. Qxe1 Ne8 13. Nd2 d5 14. Bd3 g6
15. Nf3 Ng7 16. Bf4 Bf5 17. Bxf5 Nxf5 18. Qe2 c6 19. Re1 Ng7 20. h3 Qd7 21. Qd2
Re8 22. Rxe8+ Qxe8 23. Be5 Bxe5 24. Nxe5 1/2-1/2

[Event "World Rapid Team 2023"]
[Site "Dusseldorf GER"]
[Date "2023.08.26"]
[Round "2.5"]
[Board "2"]
[White "Volokitin, Andrei"]
[Black "Zavgorodniy, Sergiy"]
[Result "1-0"]
[WhiteTitle "GM"]
[BlackTitle "IM"]
[WhiteElo "2661"]
[BlackElo "2416"]
[WhiteTeam "Ashdod Elit Chess Club"]
[BlackTeam "Ukrainian Amators"]
[WhiteFideId "14107090"]
[BlackFideId "14110148"]
[EventDate "2023.08.26"]

1. e4 e5 2. Nf3 d6 3. d4 exd4 4. Nxd4 Nf6 5. Nc3 Be7 6. Bf4 O-O 7. Qd2 Nc6 8.
O-O-O Nxd4 9. Qxd4 Be6 10. f3 Nd7 11. h4 Ne5 12. Qf2 Qe8 13. g4 c6 14. Kb1 b5
15. Ne2 Nc4 16. Nd4 Rd8 17. Bg5 Rc8 18. Nf5 Bxf5 19. gxf5 d5 20. Bxc4 dxc4 21.
Qxa7 f6 22. Bf4 Ra8 23. Qd7 Ra6 24. Qe6+ Kh8 25. Rd7 Bc5 26. Bd6 Qa8 27. Bxc5
Rxa2 28. Ba3 1-0

[Event "World Rapid Team 2023"]
[Site "Dusseldorf GER"]
[Date "2023.08.26"]
[Round "2.5"]
[Board "3"]
[White "Gaponenko, Inna"]
[Black "Fridman, Daniel"]
[Result "1/2-1/2"]
[WhiteTitle "IM"]
[BlackTitle "GM"]
[WhiteElo "2336"]
[BlackElo "2586"]
[WhiteTeam "Ukrainian Amators"]
[BlackTeam "Ashdod Elit Chess Club"]
[WhiteFideId "14101181"]
[BlackFideId "11600454"]
[EventDate "2023.08.26"]

1. e4 e5 2. Nf3 Nf6 3. Nxe5 d6 4. Nf3 Nxe4 5. d3 Nf6 6. d4 g6 7. Bd3 Bg7 8. O-O
O-O 9. h3 b6 10. c4 Bb7 11. Nc3 Nbd7 12. Be3 d5 13. b3 c5 14. Rc1 cxd4 15. Bxd4
Nc5 16. Bxc5 bxc5 17. cxd5 Nxd5 18. Ne4 Rc8 19. Rxc5 Qb6 20. Rb5 Qc7 21. Rxb7
Qxb7 22. Nd6 Qb8 23. Nxc8 Rxc8 24. Bc4 Nb6 25. Ba6 Rd8 26. Qe2 Qd6 27. Re1 Bf6
28. Qe4 Kg7 29. Qe2 Rd7 30. Bb5 Rd8 31. Ba6 Qa3 32. Bb5 Nd5 33. Ne5 Nc3 34. Qc4
Bxe5 35. Rxe5 Qc1+ 36. Kh2 Qd2 37. Re3 Nxb5 38. Qxb5 Qxf2 39. Qe5+ Kg8 40. Re2
Qb6 41. Rc2 Rd1 42. Rc8+ Rd8 43. Rc2 h5 44. Qc7 Qd4 45. Rc4 Qd5 46. Rc5 Qa8 47.
Qc6 Qb8+ 48. Qc7 Qa8 49. Qc6 Qb8+ 50. Qc7 1/2-1/2

[Event "World Rapid Team 2023"]
[Site "Dusseldorf GER"]
[Date "2023.08.26"]
[Round "2.5"]
[Board "4"]
[White "Smirin, Ilia"]
[Black "Grineva, Marianna"]
[Result "1-0"]
[WhiteTitle "GM"]
[BlackTitle "WFM"]
[WhiteElo "2574"]
[BlackElo "2033"]
[WhiteTeam "Ashdod Elit Chess Club"]
[BlackTeam "Ukrainian Amators"]
[WhiteFideId "2801990"]
[BlackFideId "14102013"]
[EventDate "2023.08.26"]

1. e4 d6 2. d4 Nf6 3. Nc3 g6 4. Be2 Bg7 5. h4 h5 6. Nh3 Bxh3 7. Rxh3 Nbd7 8. f3
c5 9. d5 a6 10. a4 b6 11. f4 Ng8 12. g4 hxg4 13. Bxg4 Ndf6 14. Bf3 Nh5 15. Bd2
Ra7 16. Qe2 Qc8 17. Rh2 Kf8 18. O-O-O c4 19. e5 b5 20. exd6 exd6 21. Ne4 Qb8 22.
Bb4 Rd7 23. Qe3 Ne7 24. Qa3 Nc8 25. Bg4 f5 26. Bxh5 Rxh5 27. Ng5 Kg8 28. Re2 Nb6
29. Qe3 Rxh4 30. Qe6+ Kh8 31. Qe8+ Qxe8 32. Rxe8+ Bf8 33. Rxf8+ Kg7 34. Ne6+ Kh7
35. Bc3 1-0

[Event "World Rapid Team 2023"]
[Site "Dusseldorf GER"]
[Date "2023.08.26"]
[Round "2.5"]
[Board "5"]
[White "Breest, Axel"]
[Black "Muzychuk, Mariya"]
[Result "0-1"]
[BlackTitle "GM"]
[WhiteElo "1979"]
[BlackElo "2511"]
[WhiteTeam "Ukrainian Amators"]
[BlackTeam "Ashdod Elit Chess Club"]
[WhiteFideId "24682349"]
[BlackFideId "14114550"]
[EventDate "2023.08.26"]

1. e4 c5 2. Nc3 e6 3. f4 d5 4. e5 Nc6 5. Bb5 Bd7 6. Nf3 a6 7. Be2 b5 8. b3 Qb6
9. Bb2 Nh6 10. d3 Nf5 11. Qd2 Be7 12. O-O-O d4 13. Ne4 Ne3 14. Rdg1 Nb4 15. a3
Nbxc2 16. Ne1 Nxe1 17. Qxe1 Bc6 18. Bf3 Bd5 19. Nd2 Rc8 20. Kb1 c4 21. dxc4 bxc4
22. Ne4 c3 0-1

[Event "World Rapid Team 2023"]
[Site "Dusseldorf GER"]
[Date "2023.08.26"]
[Round "2.5"]
[Board "6"]
[White "Blonder, Daniel"]
[Black "Vibhor Sharma"]
[Result "1-0"]
[WhiteElo "1824"]
[BlackElo "1853"]
[WhiteTeam "Ashdod Elit Chess Club"]
[BlackTeam "Ukrainian Amators"]
[WhiteFideId "2841754"]
[BlackFideId "5099366"]
[EventDate "2023.08.26"]

1. e4 c5 2. c3 Nf6 3. e5 Nd5 4. d4 cxd4 5. Nf3 Nc6 6. Bc4 Nb6 7. Bb3 d6 8. exd6
Qxd6 9. O-O e6 10. cxd4 Be7 11. Nc3 O-O 12. Be3 Nd5 13. Rc1 Bf6 14. Ne4 Qe7 15.
Bc2 Rd8 16. Qe2 h6 17. Bb1 e5 18. Nxf6+ Nxf6 19. dxe5 Nxe5 20. Bc5 Nxf3+ 21.
Qxf3 Qe6 22. Rfe1 Qg4 23. Be7 Qxf3 24. gxf3 Be6 25. Bxd8 Rxd8 26. Red1 Re8 27.
Rc7 Bd5 28. Be4 Bxe4 29. fxe4 Rxe4 30. Rxb7 Re2 31. Rd8+ Kh7 32. Rxf7 Rxb2 33.
Rxa7 h5 34. Rd6 Kg6 35. Rd3 h4 36. h3 Kh6 37. Rd4 Kg6 38. Rxh4 Kf5 39. Ra5+ Ke6
40. Rc4 g6 41. Rc6+ Ke7 42. Ra7+ Nd7 43. Rxg6 Kd8 44. Rd6 1-0

[Event "World Rapid Team 2023"]
[Site "Dusseldorf GER"]
[Date "2023.08.26"]
[Round "2.6"]
[Board "1"]
[White "Caruana, Fabiano"]
[Black "Krastev, Alexander"]
[Result "1-0"]
[WhiteTitle "GM"]
[BlackTitle "IM"]
[WhiteElo "2782"]
[BlackElo "2411"]
[WhiteTeam "Kompetenzakademie Allstars"]
[BlackTeam "Schachverein Hemer"]
[WhiteFideId "2020009"]
[BlackFideId "12989983"]
[EventDate "2023.08.26"]

1. c4 c5 2. Nc3 g6 3. g3 Bg7 4. Bg2 Nc6 5. e3 e6 6. b3 Nge7 7. Ba3 d6 8. Nge2
O-O 9. O-O b6 10. d4 Bb7 11. Qd2 Qb8 12. Rad1 Rd8 13. d5 exd5 14. cxd5 Ne5 15.
f4 Nd7 16. Bb2 Nf5 17. g4 Nh4 18. Bh1 Re8 19. Ng3 Nf6 20. h3 Ba6 21. Rf2 Bc8 22.
Nce4 Nxe4 23. Nxe4 Rxe4 24. Bxe4 f5 25. Bxg7 Kxg7 26. Qc3+ Kf7 27. Qh8 1-0

[Event "World Rapid Team 2023"]
[Site "Dusseldorf GER"]
[Date "2023.08.26"]
[Round "2.6"]
[Board "4"]
[White "Jagodzinsky, Andreas"]
[Black "Batsiashvili, Nino"]
[Result "0-1"]
[BlackTitle "GM"]
[WhiteElo "2176"]
[BlackElo "2474"]
[WhiteTeam "Schachverein Hemer"]
[BlackTeam "Kompetenzakademie Allstars"]
[WhiteFideId "4636961"]
[BlackFideId "13602993"]
[EventDate "2023.08.26"]

1. d4 d5 2. c4 e6 3. Nc3 Nf6 4. cxd5 exd5 5. Bg5 c6 6. e3 h6 7. Bh4 Be7 8. Bd3
O-O 9. Qc2 Re8 10. Nf3 Ne4 11. Bg3 Bf5 12. O-O-O Na6 13. a3 Nxg3 14. hxg3 Bxd3
15. Qxd3 b5 16. g4 b4 17. Qxa6 bxc3 18. bxc3 Qd6 19. Kc2 Qg6+ 20. Qd3 Qxg4 21.
Ne5 Qe6 22. Rb1 c5 23. g4 Bd6 24. f4 Bxe5 25. fxe5 Rab8 26. Rxb8 Rxb8 27. Rb1
Rxb1 28. Kxb1 cxd4 29. Qxd4 a6 30. Kc2 g6 31. Qf4 h5 32. gxh5 gxh5 33. Kd2 Kg7
34. Qg5+ Qg6 35. Qd8 Qg2+ 36. Kd1 Qf3+ 37. Kd2 Qf2+ 38. Kd3 Qf5+ 39. Kd2 Qxe5
40. Qb6 h4 41. Ke2 h3 42. Kf2 Qh2+ 43. Kf3 Qg2+ 44. Kf4 h2 0-1

[Event "World Rapid Team 2023"]
[Site "Dusseldorf GER"]
[Date "2023.08.26"]
[Round "2.6"]
[Board "5"]
[White "Becker, Rainer"]
[Black "Besou, Hussain"]
[Result "0-1"]
[BlackTitle "FM"]
[WhiteElo "2128"]
[BlackElo "2364"]
[WhiteTeam "Kompetenzakademie Allstars"]
[BlackTeam "Schachverein Hemer"]
[WhiteFideId "4664612"]
[BlackFideId "16269950"]
[EventDate "2023.08.26"]

1. c4 e5 2. Nc3 Nf6 3. g3 d5 4. cxd5 Nxd5 5. Bg2 Nb6 6. d3 Be7 7. a4 a5 8. f4
exf4 9. Bxf4 O-O 10. Nf3 c6 11. e4 Na6 12. O-O Nb4 13. Be3 Nxd3 14. Qb3 Bc5 15.
Bxc5 Nxc5 16. Qc2 Be6 17. Nd2 Qd4+ 18. Kh1 Rad8 19. Rad1 Ncxa4 20. Nf3 Qb4 21.
Nxa4 Bb3 22. Qc3 Nxa4 23. Qxb4 axb4 24. Rd4 c5 25. Rxd8 Rxd8 26. e5 Nxb2 27. Ng5
h6 28. Ne4 Nd3 29. Nd6 b6 30. Rb1 Nxe5 31. Nb7 Rd1+ 32. Rxd1 Bxd1 0-1

[Event "World Rapid Team 2023"]
[Site "Dusseldorf GER"]
[Date "2023.08.26"]
[Round "2.7"]
[Board "1"]
[White "Rendle, Thomas E"]
[Black "Jobava, Baadur"]
[Result "0-1"]
[WhiteTitle "IM"]
[BlackTitle "GM"]
[WhiteElo "2385"]
[BlackElo "2574"]
[WhiteTeam "The Sharks"]
[BlackTeam "Columbus Energy KingsOfChess Krakow"]
[WhiteFideId "408760"]
[BlackFideId "13601520"]
[EventDate "2023.08.26"]

1. d4 d5 2. c4 dxc4 3. Nf3 Nf6 4. e3 Bg4 5. Bxc4 e6 6. h3 Bh5 7. Nc3 Nc6 8. O-O
Bd6 9. a3 a6 10. Be2 O-O 11. Nd2 Bxe2 12. Qxe2 Nd5 13. Nc4 Be7 14. Rd1 f5 15. e4
Nxc3 16. bxc3 fxe4 17. Nd2 e5 18. Qc4+ Kh8 19. d5 e3 20. fxe3 Nb8 21. Nf3 Nd7
22. Qg4 a5 23. Rb1 Ra6 24. d6 Rxd6 25. Rxd6 Bxd6 26. Rxb7 e4 27. Nd4 Qf6 28. Qe2
Qe5 0-1

[Event "World Rapid Team 2023"]
[Site "Dusseldorf GER"]
[Date "2023.08.26"]
[Round "2.7"]
[Board "2"]
[White "Pakleza, Zbigniew"]
[Black "Roberson, Peter T"]
[Result "1/2-1/2"]
[WhiteTitle "GM"]
[BlackTitle "IM"]
[WhiteElo "2482"]
[BlackElo "2433"]
[WhiteTeam "Columbus Energy KingsOfChess Krakow"]
[BlackTeam "The Sharks"]
[WhiteFideId "1119290"]
[BlackFideId "412384"]
[EventDate "2023.08.26"]

1. d4 Nf6 2. Nf3 d5 3. Bf4 e6 4. Nbd2 Bd6 5. Bg3 O-O 6. e3 c5 7. c3 Qc7 8. Be2
Nbd7 9. c4 Bxg3 10. hxg3 cxd4 11. Nxd4 dxc4 12. Nxc4 Nb6 13. Rc1 Nxc4 14. Bxc4
Bd7 15. O-O Rac8 16. Bb5 Qxc1 17. Qxc1 Rxc1 18. Rxc1 Rc8 19. Rd1 Bxb5 20. Nxb5
g6 21. Nc3 Kf8 22. e4 Ke7 23. f3 Nd7 24. Kf2 Ne5 25. Rd2 a6 26. g4 b5 27. Ne2
Rc7 28. g5 Nc4 29. Rc2 Rd7 30. b3 Ne5 31. a4 bxa4 32. bxa4 Rb7 33. f4 Nd3+ 34.
Ke3 Rb3 35. Rc7+ Kd6 36. Rc3 Rxc3 37. Nxc3 Nc5 38. e5+ Kc6 39. Kd4 a5 40. Kc4
Nd7 41. g3 Nb6+ 42. Kd4 Nd7 43. Ne4 Nb6 44. Nc3 Nd7 45. Ne4 Nb6 46. Nc3 1/2-1/2

[Event "World Rapid Team 2023"]
[Site "Dusseldorf GER"]
[Date "2023.08.26"]
[Round "2.7"]
[Board "3"]
[White "Moreby, James"]
[Black "Teclaf, Pawel"]
[Result "0-1"]
[WhiteTitle "FM"]
[BlackTitle "IM"]
[WhiteElo "2279"]
[BlackElo "2586"]
[WhiteTeam "The Sharks"]
[BlackTeam "Columbus Energy KingsOfChess Krakow"]
[WhiteFideId "427756"]
[BlackFideId "1185934"]
[EventDate "2023.08.26"]

1. c4 b6 2. Nc3 Bb7 3. d4 e6 4. e4 Bb4 5. f3 Ne7 6. Bd3 e5 7. a3 Bxc3+ 8. bxc3
Nbc6 9. Ne2 d6 10. O-O O-O 11. Be3 Ba6 12. Ng3 Qd7 13. Qe2 Na5 14. f4 exf4 15.
Rxf4 Qe6 16. d5 Qe5 17. Rc1 f6 18. Rg4 Ng6 19. h4 Qe8 20. h5 Ne5 21. Nf5 Rf7 22.
Rg3 Kh8 23. Bd4 Bc8 24. Nh4 Re7 25. Ng6+ Nxg6 26. hxg6 h6 27. Qh5 Re5 28. Bxe5
Qxe5 29. Qxe5 dxe5 30. Rb1 Nb7 31. Re3 Kg8 32. Be2 Kf8 33. Kf1 Ke7 34. Ke1 Kd6
35. Kd2 Nc5 36. Rb5 Bd7 37. Rb1 Be8 38. Bh5 Rd8 39. Rbe1 Nb7 40. Rb1 Kc5 41. Kd3
Nd6 42. Rb4 a5 43. Re2 b5 44. cxb5 axb4 45. axb4+ Kb6 46. c4 Nxc4 0-1